00853 2200277 4500001002100000005001700021008004100038035002400079082001100103090001800114100004700132245014000179250001100319260003100330300001900361500005100380500003000431650001900461700001400480700001800494850001500512980001300527985000600540999001400546999001500560YOGYA-0209000000897420090227021146.0 ind  0010-020900000008974 a297.41 a297.41bAbd K aABDUL AZIZ BIN MUHAMMAD BIN ALI ABDULLATIF aKritik terhadap mazhab dan firqah dalam IslamcAbdul Aziz bin Muhammad bin Ali Abdullatif; penerjemah, Abu Dzaki; editor, Saiful Bakhri aCet. 1 aSolobPustaka Mantiqc1994 a103 hlmc15 cm aJudul asli : Maqalatu fil Madzhaahib wal firaq aBibliografi : hlm.100-103 aIslam - Mazhab aAbu Dzaki aBahri, Saiful aYOPDYOG(B) a05-06-01 a2 a97P009052 a97P0090753